| 000 | 00668nam a2200217 a 4500 | ||
|---|---|---|---|
| 999 |
_c3409 _d3409 |
||
| 001 | 3409 | ||
| 003 | BD-JhCC | ||
| 005 | 20171129130033.0 | ||
| 008 | 171113s1984 bg |||| ||a| 00| 0 en d | ||
| 035 | _a(BD-JhCC)3409 | ||
| 040 |
_aBD-JhCC _dBD-JhCC |
||
| 041 | _aben | ||
| 082 |
_a891.442 _bCHU 1984 |
||
| 100 | _a চৌধুরী, কবীর | ||
| 245 |
_aএ্যারিস্টোফানিসের লিসিসট্র্যাটা / _cকবীর চৌধুরী |
||
| 260 |
_aঢাকা : _bবাংলা একাডেমী, _c1984. |
||
| 300 |
_a64 p. : _c22 cm. |
||
| 650 | _aBengali Drama | ||
| 942 |
_2ddc _cBK |
||